| 000 | 01773nam a2200349Ia 4500 | ||
|---|---|---|---|
| 001 | ebr10068421 | ||
| 003 | CaPaEBR | ||
| 006 | m u | ||
| 007 | cr cn||||||||| | ||
| 008 | 040817s2004 dcua sbt 000 0 eng d | ||
| 020 | _z0309091640 | ||
| 040 |
_aCaPaEBR _cCaPaEBR |
||
| 035 | _a(OCoLC)56987919 | ||
| 050 | 1 | 4 |
_aUA25 _b.N38 2004eb |
| 110 | 2 |
_aNational Research Council (U.S.). _bCommittee on Army Science and Technology for Homeland Defense--C4ISR. |
|
| 245 | 1 | 0 |
_aArmy science and technology for homeland security. _nReport 2 -- C4ISR _h[electronic resource] / _cCommittee on Army Science and Technology for Homeland Defense-C4ISR, Board on Army Science and Technology, Division on Engineering and Physical Sciences, National Research Council of the National Academies. |
| 246 | 3 | 0 | _aHomeland security: report 2 -- C4ISR |
| 260 |
_aWashington, D.C. : _bNational Academies Press, _cc2004. |
||
| 300 |
_axxi, 147 p. : _bill. |
||
| 500 | _aSucceeds "Science and technology for army homeland security. Report 1" (ISBN 0309087015). | ||
| 504 | _aIncludes bibliographical references. | ||
| 533 |
_aElectronic reproduction. _bPalo Alto, Calif. : _cebrary, _d2013. _nAvailable via World Wide Web. _nAccess may be limited to ebrary affiliated libraries. |
||
| 610 | 1 | 0 |
_aUnited States. _bArmy. |
| 650 | 0 |
_aNational security _zUnited States. |
|
| 650 | 0 |
_aMilitary research _zUnited States. |
|
| 650 | 0 |
_aCivil defense _zUnited States. |
|
| 650 | 0 | _aCombat survivability (Military engineering) | |
| 655 | 7 |
_aElectronic books. _2local |
|
| 710 | 2 | _aebrary, Inc. | |
| 730 | 0 | _aNational Academies Press (Online publications) | |
| 856 | 4 | 0 |
_uhttp://site.ebrary.com/lib/rucke/Doc?id=10068421 _zAn electronic book accessible through the World Wide Web; click to view |
| 999 |
_c41566 _d41566 |
||